000 00711nam a2200253Ia 4500
003 OSt
005 20220926013929.0
006 a|||||r|||| 00| 0
007 ta
008 220923b |||||||| |||| 00| 0 eng d
037 _cGeneral Book
040 _aRTL
_cRTL
_beng
041 _2eng
_aeng
082 _aX:89U, K9
100 _aWESTING J H and others
_9319277
245 0 _aPurchasing management
_b Materials in motion
250 _a3rd
260 _aNew York
_bJohn Wiley USA
_c1969
300 _avii, 538p.
_ccm.
500 _a1. V. Fine, Gary Joseph Zeniz
650 _aQuality Control
942 _hX:89U, K9
_cGB
_2CC
999 _c627186
_d627186